Swallows and Settlers : The Great Migration from North China to Manchuria.

Bibliographic Details
Main Author: Gottschang, Thomas.
Other Authors: Lary, Diana.
Format: eBook
Language:English
Published: Ann Arbor : Center for Chinese Studies Publications, 2000.
Edition:1st ed.
Series:Michigan Monographs in Chinese Studies
Subjects:
Online Access:Click to View
LEADER 01665nam a22004093i 4500
001 EBC7007865
003 MiAaPQ
005 20231204023225.0
006 m o d |
007 cr cnu||||||||
008 231204s2000 xx o ||||0 eng d
020 |a 9780472901753  |q (electronic bk.) 
020 |z 9780892641345 
035 |a (MiAaPQ)EBC7007865 
035 |a (Au-PeEL)EBL7007865 
035 |a (OCoLC)1328137665 
040 |a MiAaPQ  |b eng  |e rda  |e pn  |c MiAaPQ  |d MiAaPQ 
050 4 |a HD5856 
082 0 |a 331.54409518 
100 1 |a Gottschang, Thomas. 
245 1 0 |a Swallows and Settlers :  |b The Great Migration from North China to Manchuria. 
250 |a 1st ed. 
264 1 |a Ann Arbor :  |b Center for Chinese Studies Publications,  |c 2000. 
264 4 |c Ã2000. 
300 |a 1 online resource (181 pages) 
336 |a text  |b txt  |2 rdacontent 
337 |a computer  |b c  |2 rdamedia 
338 |a online resource  |b cr  |2 rdacarrier 
490 1 |a Michigan Monographs in Chinese Studies ;  |v v.87 
588 |a Description based on publisher supplied metadata and other sources. 
590 |a Electronic reproduction. Ann Arbor, Michigan : ProQuest Ebook Central, 2023. Available via World Wide Web. Access may be limited to ProQuest Ebook Central affiliated libraries.  
655 4 |a Electronic books. 
700 1 |a Lary, Diana. 
776 0 8 |i Print version:  |a Gottschang, Thomas  |t Swallows and Settlers  |d Ann Arbor : Center for Chinese Studies Publications,c2000  |z 9780892641345 
797 2 |a ProQuest (Firm) 
830 0 |a Michigan Monographs in Chinese Studies 
856 4 0 |u https://ebookcentral.proquest.com/lib/matrademy/detail.action?docID=7007865  |z Click to View